[Event "Sydney International Challengers"]
[Site "Parramatta, NSW"]
[Date "2009.04.18"]
[Round "8.4"]
[White "Hannagan, Peter"]
[Black "Deen-Cowell, Nicholas"]
[Result "0-1"]
[WhiteElo "1452"]
[BlackElo "1408"]
[PlyCount "88"]
[EventDate "2009.04.15"]
[EventType "swiss"]
[EventRounds "9"]
[EventCountry "AUS"]
[SourceDate "2009.04.15"]

1. e4 c5 2. Nf3 d6 3. Bb5+ Nd7 4. d4 cxd4 5. Qxd4 a6 6. Ba4 e5 7. Qd3 Be7 8.
Nc3 Ngf6 9. Bg5 O-O 10. O-O-O Nc5 11. Qe3 b5 12. Bb3 Nxb3+ 13. axb3 Bb7 14.
Bxf6 Bxf6 15. g4 Rc8 16. h4 Qc7 17. Qd3 b4 18. Nd5 Bxd5 19. exd5 Rfe8 20. Rhe1
a5 21. g5 Be7 22. Kb1 Qa7 23. Re2 a4 24. bxa4 Qxa4 25. Qb3 Qa6 26. Re4 Ra8 27.
Kc1 Qa7 28. Re3 Bd8 29. Nd4 Bb6 30. Nb5 Bxe3+ 31. fxe3 Qc5 32. Kb1 Qxb5 33. c4
Qa4 34. Kc2 Rec8 35. Qxa4 Rxa4 36. Kb3 Rca8 37. Rc1 Kf8 38. c5 dxc5 39. Rxc5
R4a5 40. Kxb4 Rxc5 41. Kxc5 Ke7 42. e4 Rc8+ 43. Kb4 Kd6 44. b3 Rc1 0-1

[Event "Sydney International Challengers"]
[Site "Parramatta, NSW"]
[Date "2009.04.18"]
[Round "8.5"]
[White "Yuen, Jonathan"]
[Black "Tenorio, Leonardo"]
[Result "1-0"]
[WhiteElo "1371"]
[BlackElo "1812"]
[PlyCount "45"]
[EventDate "2009.04.15"]
[EventType "swiss"]
[EventRounds "9"]
[EventCountry "AUS"]
[SourceDate "2009.04.15"]

1. e4 d5 2. exd5 Qxd5 3. Nc3 Qa5 4. d4 c6 5. Nf3 Bg4 6. Be2 e6 7. Ne5 Bxe2 8.
Qxe2 Qc7 9. Bf4 Bd6 10. Ne4 Qa5+ 11. c3 Be7 12. Nc4 Qa6 13. Ncd6+ Kf8 14. Qh5
Bxd6 15. Nxd6 g6 16. Qe5 Nd7 17. Qxh8 Ke7 18. Ne4 e5 19. Bg5+ Ke6 20. Nc5+ Nxc5
21. Qxe5+ Kd7 22. dxc5 Re8 23. O-O-O+ 1-0

[Event "Sydney International Challengers"]
[Site "Parramatta, NSW"]
[Date "2009.04.18"]
[Round "8.6"]
[White "Parker, Trent"]
[Black "McCook, Jake"]
[Result "0-1"]
[WhiteElo "1784"]
[BlackElo "1188"]
[PlyCount "72"]
[EventDate "2009.04.15"]
[EventType "swiss"]
[EventRounds "9"]
[EventCountry "AUS"]
[SourceDate "2009.04.15"]

1. d4 Nf6 2. f3 g6 3. e4 d6 4. Nc3 Bg7 5. Be3 O-O 6. Qd2 Nbd7 7. Bd3 e5 8. Nge2
Ne8 9. Bh6 Qh4+ 10. g3 Qxh6 11. f4 exd4 12. Nd5 Nb6 13. Ne7+ Kh8 14. Nxc8 Rxc8
15. O-O-O c5 16. Bb5 a6 17. Bxe8 Rfxe8 18. Qd3 Rc6 19. Qf3 f5 20. exf5 gxf5 21.
Rde1 Re3 22. Qg2 Qe6 23. Kb1 Nc4 24. Qf2 Nxb2 25. Nc1 Nc4 26. Nb3 Rc8 27. Rd1
d3 28. cxd3 Na3+ 29. Kc1 Re2 30. Rde1 Rxe1+ 31. Rxe1 Qf6 32. Re2 c4 33. dxc4
Qc3+ 34. Kd1 Nxc4 35. Re7 Nb2+ 36. Ke2 Qd3+ 0-1

[Event "Sydney International Challengers"]
[Site "Parramatta, NSW"]
[Date "2009.04.18"]
[Round "8.7"]
[White "Gu, Sean"]
[Black "Miranda, Adrian"]
[Result "0-1"]
[WhiteElo "1530"]
[BlackElo "1469"]
[PlyCount "118"]
[EventDate "2009.04.15"]
[EventType "swiss"]
[EventRounds "9"]
[EventCountry "AUS"]
[SourceDate "2009.04.15"]

1. e4 e6 2. d4 d5 3. Nc3 dxe4 4. Nxe4 Be7 5. Nf3 Nd7 6. Bd3 Ngf6 7. Nxf6+ Nxf6
8. Bf4 O-O 9. Qd2 b6 10. O-O-O Bb7 11. Rhg1 Nd5 12. c3 c5 13. h4 cxd4 14. Nxd4
Nxf4 15. Qxf4 Bxh4 16. Nf3 g5 17. Qg4 Kh8 18. Nxh4 gxh4 19. Bxh7 Qf6 20. Qh5
Kg7 21. Bc2 Qh6+ 22. Qxh6+ Kxh6 23. f3 Kg5 24. Rd4 f5 25. Bb3 e5 26. Rd7 Rab8
27. Bd5 Bxd5 28. Rxd5 Kf4 29. Kd2 Rbd8 30. Rxd8 Rxd8+ 31. Ke2 e4 32. fxe4 fxe4
33. Rh1 Kg4 34. a4 Rd3 35. Rh2 Rg3 36. Kf2 Rd3 37. Ke2 Rd5 38. Ke3 Rc5 39. Kxe4
Kg3 40. Rh1 Kxg2 41. Rd1 Rc4+ 42. Kf5 Rxa4 43. Rd7 h3 44. Rg7+ Kh1 45. b4 Ra2
46. Ke6 a5 47. bxa5 Rxa5 48. Kd6 Ra3 49. c4 Kh2 50. Kc6 Rg3 51. Rh7 Rg4 52. Kb5
Kg3 53. Ra7 h2 54. Ra3+ Kh4 55. Ra8 Rg5+ 56. Kxb6 h1=Q 57. Rh8+ Rh5 58. Rxh5+
Kxh5 59. c5 Qa8 0-1

[Event "Sydney International Challengers"]
[Site "Parramatta, NSW"]
[Date "2009.04.18"]
[Round "8.8"]
[White "Glissan, Paul"]
[Black "Feng, Thomas"]
[Result "1/2-1/2"]
[WhiteElo "1947"]
[BlackElo "1638"]
[PlyCount "96"]
[EventDate "2009.04.15"]
[EventType "swiss"]
[EventRounds "9"]
[EventCountry "AUS"]
[SourceDate "2009.04.15"]

1. e4 e6 2. d4 d5 3. e5 c5 4. c3 Nc6 5. Nf3 Bd7 6. Be2 Qb6 7. O-O Be7 8. b3 Rc8
9. Be3 cxd4 10. cxd4 Nb4 11. Ne1 Bb5 12. Bxb5+ Qxb5 13. Na3 Qd7 14. Qg4 Bf8 15.
Bd2 f5 16. exf6 Nxf6 17. Qh3 Bd6 18. Nb5 O-O 19. Nxd6 Qxd6 20. a3 Nc6 21. Nf3
Ne4 22. Be3 a6 23. b4 e5 24. dxe5 Nxe5 25. Nxe5 Qxe5 26. f4 Qf5 27. g4 Qf6 28.
g5 Qf5 29. Qxf5 Rxf5 30. Rac1 Rxc1 31. Rxc1 Rf7 32. Kg2 Rd7 33. Rc8+ Kf7 34.
Bd4 g6 35. h4 Ke6 36. Kf3 Nd6 37. Rf8 Ne4 38. Re8+ Kf7 39. Rh8 Ke6 40. Kg4 Nd6
41. Bc5 Nf5 42. h5 d4 43. hxg6 hxg6 44. Rg8 Kf7 45. Rf8+ Kg7 46. Re8 Kf7 47.
Rh8 Ke6 48. Re8+ Kf7 1/2-1/2

[Event "Sydney International Challengers"]
[Site "Parramatta, NSW"]
[Date "2009.04.18"]
[Round "8.9"]
[White "Canfell, Mike"]
[Black "Eustace, Sophie"]
[Result "0-1"]
[WhiteElo "1932"]
[BlackElo "1419"]
[PlyCount "92"]
[EventDate "2009.04.15"]
[EventType "swiss"]
[EventRounds "9"]
[EventCountry "AUS"]
[SourceDate "2009.04.15"]

1. e4 c5 2. Nf3 Nc6 3. d4 cxd4 4. Nxd4 Nf6 5. Nc3 e6 6. Ndb5 Bb4 7. a3 Bc5 8.
Bf4 e5 9. Bg5 a6 10. Nd6+ Kf8 11. Bc4 Qb6 12. O-O Na5 13. Nxc8 Rxc8 14. Na4 Qc6
15. Nxc5 Nxc4 16. Bxf6 gxf6 17. b4 d6 18. Nb3 Qxe4 19. Re1 Qc6 20. Qd3 Rg8 21.
g3 Nb2 22. Qxh7 Qxc2 23. Qh6+ Ke7 24. Nd4 Qd3 25. Qe3 Qxe3 26. Rxe3 Kd7 27. Nb3
Rc2 28. h4 Nc4 29. Rf3 Ke7 30. Rc1 Nxa3 31. Rxc2 Nxc2 32. Rc3 Nxb4 33. Rc7+ Ke6
34. Rxb7 Nc6 35. Rb6 Kd7 36. Rxa6 Rb8 37. Nd2 d5 38. g4 Rg8 39. Ra4 d4 40. f3
f5 41. Kf2 fxg4 42. Ne4 Rh8 43. h5 gxf3 44. Ra1 f5 45. Nc5+ Kd6 46. Nd3 Rxh5
0-1

[Event "Sydney International Challengers"]
[Site "Parramatta, NSW"]
[Date "2009.04.18"]
[Round "8.10"]
[White "Barker, Ken"]
[Black "Hvistendahl, Robert"]
[Result "0-1"]
[WhiteElo "1468"]
[BlackElo "1888"]
[PlyCount "98"]
[EventDate "2009.04.15"]
[EventType "swiss"]
[EventRounds "9"]
[EventCountry "AUS"]
[SourceDate "2009.04.15"]

1. e4 c5 2. d3 a6 3. Nf3 b5 4. g3 Bb7 5. Bg2 e6 6. O-O g6 7. Nbd2 Bg7 8. e5 Nc6
9. Re1 Qc7 10. Ne4 Nxe5 11. Bf4 Nxf3+ 12. Qxf3 e5 13. Nd6+ Qxd6 14. Qxb7 Rb8
15. Qe4 f6 16. Rad1 Qd4 17. Be3 Qxe4 18. Bxe4 d6 19. Bc6+ Kd8 20. c3 Ne7 21.
Bg2 Re8 22. d4 exd4 23. cxd4 c4 24. Bf4 Kd7 25. d5 Ng8 26. Re6 Bf8 27. Bh3 f5
28. g4 Rxe6 29. dxe6+ Kxe6 30. gxf5+ gxf5 31. Bg5 Bh6 32. Re1+ Kd5 33. Bh4 Rf8
34. f3 b4 35. Rd1+ Kc6 36. Be1 Be3+ 37. Kf1 a5 38. Bf2 f4 39. Be6 Kc5 40. Bxe3+
fxe3 41. Rd5+ Kc6 42. Ke2 c3 43. bxc3 bxc3 44. Rd3 c2 45. Rc3+ Kb6 46. Rxc2 Nf6
47. Rc3 d5 48. Rxe3 d4 49. Rd3 Re8 0-1

[Event "Sydney International Challengers"]
[Site "Parramatta, NSW"]
[Date "2009.04.18"]
[Round "8.11"]
[White "Harris, Bruce"]
[Black "Christensen, Joshua"]
[Result "0-1"]
[WhiteElo "1411"]
[BlackElo "1882"]
[PlyCount "66"]
[EventDate "2009.04.15"]
[EventType "swiss"]
[EventRounds "9"]
[EventCountry "AUS"]
[SourceDate "2009.04.15"]

1. e4 d5 2. exd5 Qxd5 3. Nc3 Qa5 4. b3 Nf6 5. Bb2 c6 6. Nf3 Bg4 7. Be2 Nbd7 8.
O-O e6 9. d3 Bd6 10. h3 Bf5 11. Ne4 Bf4 12. a4 Bxe4 13. dxe4 O-O-O 14. Bd3 Rhg8
15. Qe2 g5 16. b4 Qxb4 17. Bxf6 Nxf6 18. Rfb1 Qa5 19. e5 Nd5 20. Qe1 Qc5 21.
Bxh7 Rg7 22. Bd3 g4 23. hxg4 Rxg4 24. Kf1 Rh8 25. Be2 Rh1+ 26. Ng1 Ne3+ 27.
fxe3 Bxe3 28. Bxg4 Rxg1+ 29. Ke2 Rxe1+ 30. Rxe1 Bd4 31. Rab1 Bxe5 32. Bh3 Qxc2+
33. Kf1 Bd4 0-1

[Event "Sydney International Challengers"]
[Site "Parramatta, NSW"]
[Date "2009.04.18"]
[Round "8.12"]
[White "Barcelona, Eliel"]
[Black "Escalante, Lorenzo"]
[Result "0-1"]
[WhiteElo "1455"]
[BlackElo "1891"]
[PlyCount "122"]
[EventDate "2009.04.15"]
[EventType "swiss"]
[EventRounds "9"]
[EventCountry "AUS"]
[SourceDate "2009.04.15"]

1. d4 Nf6 2. c4 e6 3. Nc3 Bb4 4. Qc2 c5 5. a3 Qa5 6. axb4 Qxa1 7. dxc5 Nc6 8.
b5 Nd4 9. Qb1 Qxb1 10. Nxb1 Ne4 11. Na3 Nxc5 12. g3 d5 13. Be3 Ncb3 14. Bg2
dxc4 15. Bxd4 Nxd4 16. e3 Nb3 17. Ne2 O-O 18. O-O Rd8 19. Nxc4 f6 20. Be4 Nd2
21. Bc2 Nxc4 22. Bb3 Nb6 23. Nd4 Kf7 24. Rc1 Nd5 25. h4 Bd7 26. e4 Nb6 27. Rc7
Kg6 28. f4 e5 29. f5+ Kh6 30. Nf3 Bxb5 31. Nh2 Rd3 32. Ng4+ Kh5 33. Rxg7 Rf8
34. Bc2 Rd2 35. Ne3 Kh6 36. Rxb7 Rg8 37. g4 Re2 38. g5+ fxg5 39. Ng4+ Kh5 40.
Nf6+ Kxh4 41. Rxh7+ Kg3 42. Nh5+ Kf3 43. Bd1 Ke3 44. Bxe2 Bxe2 45. Ng3 Nc8 46.
f6 Bg4 47. b4 Kf3 48. Kh2 Rd8 49. f7 Rd2+ 50. Kg1 Rd8 51. Kh2 Rf8 52. Nf1 Nd6
53. Nd2+ Kf4 54. Rh6 Nxe4 55. Nxe4 Kxe4 56. Kg3 Bf5 57. Rf6 Bc8 58. Rc6 Kd5 59.
Rc7 a6 60. Rc5+ Kd6 61. Kf3 Rxf7+ 0-1

[Event "Sydney International Challengers"]
[Site "Parramatta, NSW"]
[Date "2009.04.18"]
[Round "8.14"]
[White "Griffin, Hamish"]
[Black "Weltner, Michael"]
[Result "1/2-1/2"]
[WhiteElo "1755"]
[BlackElo "1391"]
[PlyCount "53"]
[EventDate "2009.04.15"]
[EventType "swiss"]
[EventRounds "9"]
[EventCountry "AUS"]
[SourceDate "2009.04.15"]

1. e4 e5 2. Nf3 Nc6 3. Bb5 a6 4. Ba4 Bc5 5. O-O Nf6 6. c3 b5 7. Bc2 d6 8. d4
exd4 9. cxd4 Bb6 10. h3 h6 11. Be3 O-O 12. Nbd2 Ne7 13. Re1 Ng6 14. a3 Bb7 15.
d5 Bxe3 16. Rxe3 Re8 17. Nf1 Qd7 18. Ng3 c5 19. dxc6 Bxc6 20. Qd2 Ne5 21. Nxe5
dxe5 22. Rd3 Qc7 23. f3 Rad8 24. Rd1 Rd7 25. Rxd7 Bxd7 26. Bb3 Rc8 27. Ne2
1/2-1/2

[Event "Sydney International Challengers"]
[Site "Parramatta, NSW"]
[Date "2009.04.18"]
[Round "8.16"]
[White "Bleicher, Horst"]
[Black "Simmonds, Leteisha"]
[Result "1/2-1/2"]
[WhiteElo "1822"]
[BlackElo "1169"]
[PlyCount "100"]
[EventDate "2009.04.15"]
[EventType "swiss"]
[EventRounds "9"]
[EventCountry "AUS"]
[SourceDate "2009.04.15"]

1. c4 c5 2. Nc3 Nc6 3. g3 g6 4. Bg2 Bg7 5. e4 d6 6. Nf3 Nf6 7. O-O Bg4 8. h3
Bxf3 9. Bxf3 Nd4 10. Bg2 Nd7 11. Ne2 Qc7 12. Nxd4 Bxd4 13. Qe2 Ne5 14. Rb1 Nc6
15. a3 a5 16. d3 Bg7 17. Be3 Nd4 18. Qd1 a4 19. f4 Nb3 20. Re1 Bd4 21. Bxd4
Nxd4 22. e5 dxe5 23. Rxe5 O-O 24. Qe1 e6 25. Qc3 Rab8 26. Rbe1 b6 27. Kf2 Rfd8
28. h4 h5 29. R5e3 Qe7 30. Re5 Qd6 31. R5e3 Rd7 32. Be4 Rc7 33. Rd1 Re8 34.
Rde1 Rd8 35. Rd1 Re7 36. Bg2 Rde8 37. Re5 Nb3 38. Rde1 Rd8 39. R5e3 Nd4 40. Bh3
f5 41. Bg2 Kf7 42. Re5 Nb3 43. R1e3 Nd4 44. Bf1 Qc6 45. Bg2 Qc7 46. Qd2 Rde8
47. Qd1 Qd7 48. Re1 Nb3 49. R1e3 Nd4 50. Bf3 Rh8 1/2-1/2

[Event "Sydney International Challengers"]
[Site "Parramatta, NSW"]
[Date "2009.04.18"]
[Round "8.17"]
[White "Derwent, Ethan"]
[Black "Ren, Jonathan"]
[Result "1/2-1/2"]
[WhiteElo "1123"]
[BlackElo "1439"]
[PlyCount "109"]
[EventDate "2009.04.15"]
[EventType "swiss"]
[EventRounds "9"]
[EventCountry "AUS"]
[SourceDate "2009.04.15"]

1. d4 Nc6 2. d5 Ne5 3. e4 e6 4. c4 Bb4+ 5. Bd2 Bxd2+ 6. Nxd2 Ne7 7. Ngf3 N7g6
8. Be2 O-O 9. O-O d6 10. Nxe5 dxe5 11. a4 f5 12. Bf3 f4 13. b4 Bd7 14. c5 Re8
15. Re1 exd5 16. exd5 Bf5 17. b5 Rb8 18. Rc1 Rc8 19. Rc4 Nh4 20. Ne4 Nxf3+ 21.
gxf3 Bxe4 22. Rcxe4 Qf6 23. d6 cxd6 24. cxd6 Rcd8 25. Qd5+ Qf7 26. Qc5 Qg6+ 27.
Kh1 Qxd6 28. Qxa7 Re7 29. a5 Kf7 30. b6 Kf8 31. a6 bxa6 32. Qxa6 Rb8 33. Qa1
Rxb6 34. Rxe5 Rxe5 35. Qxe5 Qxe5 36. Rxe5 Kf7 37. Rf5+ Rf6 38. Rxf6+ Kxf6 39.
Kg2 Kg5 40. Kh3 h6 41. Kg2 Kh4 42. h3 g6 43. Kh2 g5 44. Kg2 Kh5 45. Kf1 Kg6 46.
Ke2 Kf5 47. Kd3 Ke5 48. Kc3 Kd5 49. Kd3 h5 50. Kc3 Ke5 51. Kd3 Kd5 52. Kc3 Kc5
53. Kd3 Kd5 54. Kc3 Kc5 55. Kd3 1/2-1/2

[Event "Sydney International Challengers"]
[Site "Parramatta, NSW"]
[Date "2009.04.18"]
[Round "8.18"]
[White "Setiabudi, Megan"]
[Black "Leong, Edward"]
[Result "1/2-1/2"]
[WhiteElo "1382"]
[BlackElo "1432"]
[PlyCount "60"]
[EventDate "2009.04.15"]
[EventType "swiss"]
[EventRounds "9"]
[EventCountry "AUS"]
[SourceDate "2009.04.15"]

1. e4 c6 2. d4 d5 3. exd5 cxd5 4. Bd3 Nf6 5. Bf4 Qb6 6. b3 Nc6 7. c3 Bg4 8. Nf3
e6 9. Nbd2 Be7 10. O-O O-O 11. Qc2 Rac8 12. Qb2 a5 13. Ne5 Nxe5 14. Bxe5 Nd7
15. Bf4 g5 16. Bg3 f5 17. f4 gxf4 18. Bxf4 Bf6 19. Kh1 Kh8 20. Nf3 Rg8 21. Rae1
Rc6 22. Qd2 Rgc8 23. Rc1 Bxf3 24. Rxf3 Rg8 25. Re1 Bg7 26. Rh3 Nf6 27. Be5 Ng4
28. Bxg7+ Rxg7 29. Rf1 Rc8 30. Be2 Rcg8 1/2-1/2

[Event "Sydney International Challengers"]
[Site "Parramatta, NSW"]
[Date "2009.04.18"]
[Round "8.22"]
[White "Nakauchi, Kenji"]
[Black "Beahan, Patrick"]
[Result "1-0"]
[WhiteElo "927"]
[BlackElo "1349"]
[PlyCount "57"]
[EventDate "2009.04.15"]
[EventType "swiss"]
[EventRounds "9"]
[EventCountry "AUS"]
[SourceDate "2009.04.15"]

1. d4 Nf6 2. c4 c5 3. d5 b5 4. cxb5 a6 5. b6 Qxb6 6. Nc3 d6 7. e4 Qb4 8. a3 Qa5
9. Bd2 Nbd7 10. Qc2 g6 11. Bd3 Bg7 12. Nf3 O-O 13. O-O Ng4 14. Rfe1 Nge5 15.
Nxe5 Nxe5 16. Rad1 Nxd3 17. Qxd3 f5 18. exf5 Bxf5 19. Qc4 Rab8 20. Rxe7 Rxb2
21. Ne4 Qd8 22. Rxg7+ Kxg7 23. Bc3+ Kg8 24. Bxb2 Qb8 25. Qc3 Kf7 26. Qg7+ Ke8
27. Nf6+ Kd8 28. Qxf8+ Kc7 29. Qxb8+ 1-0

[Event "Sydney International Challengers"]
[Site "Parramatta, NSW"]
[Date "2009.04.18"]
[Round "8.24"]
[White "Christian, Kashish"]
[Black "Roche, Stephen"]
[Result "1-0"]
[WhiteElo "474"]
[BlackElo "1124"]
[PlyCount "83"]
[EventDate "2009.04.15"]
[EventType "swiss"]
[EventRounds "9"]
[EventCountry "AUS"]
[SourceDate "2009.04.15"]

1. e4 e5 2. Bc4 Nf6 3. d3 Bc5 4. Nc3 d6 5. Bg5 Bxf2+ 6. Kxf2 Ng4+ 7. Qxg4 Bxg4
8. Bxd8 Kxd8 9. Nf3 c6 10. Ng5 Kc7 11. Nxf7 Rf8 12. Ke1 Nd7 13. Ng5 Nf6 14. h3
Bh5 15. Ne6+ Kd7 16. Nxf8+ Rxf8 17. g4 Bg6 18. Rf1 h6 19. h4 Rh8 20. g5 hxg5
21. hxg5 Nh5 22. Rh1 Rf8 23. Rf1 Rh8 24. Kd2 Nf4 25. Rh1 Bh5 26. Rae1 Ng2 27.
Reg1 Nf4 28. Rh2 g6 29. Re1 Rf8 30. Rf1 Rb8 31. Ke3 b5 32. Bb3 a5 33. a3 a4 34.
Ba2 b4 35. Nxa4 bxa3 36. bxa3 Ra8 37. Nb6+ Kc7 38. Nxa8+ Kb7 39. Rxf4 exf4+ 40.
Kxf4 Kxa8 41. Rxh5 gxh5 42. g6 1-0

[Event "Sydney International Challengers"]
[Site "Parramatta, NSW"]
[Date "2009.04.18"]
[Round "8.25"]
[White "Talisayon, Samuel"]
[Black "Lin, Mark"]
[Result "0-1"]
[WhiteElo "1192"]
[BlackElo "627"]
[PlyCount "64"]
[EventDate "2009.04.15"]
[EventType "swiss"]
[EventRounds "9"]
[EventCountry "AUS"]
[SourceDate "2009.04.15"]

1. e4 c5 2. Nf3 d6 3. h3 Nf6 4. Nc3 a6 5. a4 g6 6. Bc4 Bg7 7. Ng5 O-O 8. O-O
Bd7 9. Re1 Qc8 10. Nd5 Nxd5 11. Bxd5 h6 12. Nxf7 Rxf7 13. Bxf7+ Kxf7 14. Qf3+
Bf6 15. d3 g5 16. e5 dxe5 17. Rxe5 b6 18. Bxg5 hxg5 19. Rxg5 Qh8 20. Rh5 Qg7
21. c3 Bc6 22. Qg3 Qxg3 23. fxg3 Nd7 24. Rf5 Kg6 25. g4 Ne5 26. d4 cxd4 27.
cxd4 Nc4 28. b3 Nd6 29. Rd1 Nxf5 30. gxf5+ Kxf5 31. d5 Bb7 32. Kf2 Rd8 0-1

[Event "Sydney International Challengers"]
[Site "Parramatta, NSW"]
[Date "2009.04.19"]
[Round "9.1"]
[White "Deen-Cowell, Nicholas"]
[Black "Savige, Colin"]
[Result "0-1"]
[WhiteElo "1408"]
[BlackElo "1999"]
[PlyCount "108"]
[EventDate "2009.04.15"]
[EventType "swiss"]
[EventRounds "9"]
[EventCountry "AUS"]
[SourceDate "2009.04.15"]

1. e4 c5 2. Nc3 Nc6 3. Nf3 a6 4. a4 e6 5. d4 cxd4 6. Nxd4 Nf6 7. Be2 Bb4 8.
Nxc6 bxc6 9. e5 Nd5 10. Bd2 Nxc3 11. bxc3 Bc5 12. Bf4 O-O 13. Bd3 g6 14. O-O f6
15. Bh6 Rf7 16. Qg4 Bf8 17. Bxf8 Qxf8 18. exf6 Rxf6 19. h4 d5 20. Qg3 a5 21.
Qc7 Qe8 22. h5 e5 23. hxg6 hxg6 24. Rae1 Re6 25. Be2 Qe7 26. Qxe7 Rxe7 27. Rb1
Bf5 28. Rb2 g5 29. f3 Kf7 30. c4 Be6 31. c5 Bf5 32. Bd3 Ke6 33. Re1 Kf6 34. Rb6
Re6 35. g4 Bg6 36. Kg2 e4 37. fxe4 Bxe4+ 38. Kf2 Ke5 39. Bxe4 dxe4 40. Rd1 Rf8+
41. Ke2 Rf3 42. Rb3 Rf4 43. Rg3 Rh6 44. Rg2 Rh3 45. Rd6 Rc3 46. Kd2 Rxc5 47.
Rg6 Kd4 48. Rd6+ Kc4 49. Rg3 Rd5+ 50. Rxd5 cxd5 51. Rc3+ Kb4 52. Rb3+ Kxa4 53.
Kc1 Rxg4 54. Kb2 d4 0-1

[Event "Sydney International Challengers"]
[Site "Parramatta, NSW"]
[Date "2009.04.19"]
[Round "9.3"]
[White "Erkan, Mustafa"]
[Black "Miranda, Adrian"]
[Result "0-1"]
[WhiteElo "1676"]
[BlackElo "1469"]
[PlyCount "94"]
[EventDate "2009.04.15"]
[EventType "swiss"]
[EventRounds "9"]
[EventCountry "AUS"]
[SourceDate "2009.04.15"]

1. d4 Nf6 2. Nf3 d5 3. c4 c6 4. Nc3 e6 5. e3 Nbd7 6. Bd3 Bd6 7. O-O O-O 8. b3
e5 9. cxd5 cxd5 10. dxe5 Nxe5 11. Bb2 Nxf3+ 12. gxf3 Bh3 13. f4 Ng4 14. Qf3
Bxf1 15. Bxf1 Qh4 16. h3 Nf6 17. Nxd5 Nxd5 18. Qxd5 Rad8 19. Qd4 f6 20. Qxa7
Be5 21. Bd4 Bxd4 22. exd4 Qxf4 23. d5 Qg5+ 24. Bg2 Rxd5 25. Qxb7 Rfd8 26. Re1
Rd1 27. Qb4 Qd2 28. Qxd2 R8xd2 29. Rxd1 Rxd1+ 30. Bf1 Ra1 31. a4 Kf8 32. Kg2
Ke7 33. Bc4 Kd6 34. Kf3 Ke5 35. Bg8 h5 36. Bc4 g5 37. Kg3 h4+ 38. Kf3 f5 39.
Bb5 g4+ 40. hxg4 h3 41. Kg3 fxg4 42. Bd7 Rg1+ 43. Kh2 Rg2+ 44. Kh1 Kf4 45. a5
Rxf2 46. a6 Kg3 47. Bb5 Ra2 0-1

[Event "Sydney International Challengers"]
[Site "Parramatta, NSW"]
[Date "2009.04.19"]
[Round "9.4"]
[White "McCook, Jake"]
[Black "Yuen, Jonathan"]
[Result "1/2-1/2"]
[WhiteElo "1188"]
[BlackElo "1371"]
[PlyCount "48"]
[EventDate "2009.04.15"]
[EventType "swiss"]
[EventRounds "9"]
[EventCountry "AUS"]
[SourceDate "2009.04.15"]

1. e4 d5 2. exd5 Qxd5 3. Nc3 Qe5+ 4. Be2 c6 5. Nf3 Qc7 6. d4 Bf5 7. O-O e6 8.
Be3 Nd7 9. Re1 Ngf6 10. Bd3 Bg6 11. Qd2 Bd6 12. h3 Nd5 13. Nxd5 cxd5 14. c3 a6
15. Rac1 Nb6 16. Bxg6 hxg6 17. b3 O-O 18. Ne5 Bxe5 19. dxe5 a5 20. Bxb6 Qxb6
21. Qd4 Qxd4 22. cxd4 Rfc8 23. Kf1 Kf8 24. Ke2 Ke7 1/2-1/2

[Event "Sydney International Challengers"]
[Site "Parramatta, NSW"]
[Date "2009.04.19"]
[Round "9.6"]
[White "Christensen, Joshua"]
[Black "Baterowicz, Mark"]
[Result "0-1"]
[WhiteElo "1882"]
[BlackElo "1732"]
[PlyCount "64"]
[EventDate "2009.04.15"]
[EventType "swiss"]
[EventRounds "9"]
[EventCountry "AUS"]
[SourceDate "2009.04.15"]

1. d4 d5 2. c4 dxc4 3. e3 Nf6 4. Bxc4 e6 5. Nf3 Be7 6. O-O O-O 7. Nc3 b6 8. Qe2
Bb7 9. a3 a5 10. e4 h6 11. Bf4 Nh5 12. Be3 Nf6 13. Bd3 c6 14. Rac1 Nbd7 15.
Rfd1 Qb8 16. e5 Nh7 17. Qc2 Ng5 18. Nxg5 Bxg5 19. Bxg5 hxg5 20. Ne4 Qd8 21. Nd6
Ba6 22. Bxa6 Rxa6 23. Qxc6 Ra8 24. Qc7 Qe7 25. Rc6 Rab8 26. Rd3 f6 27. b3 fxe5
28. dxe5 b5 29. Ra6 g4 30. Ra7 Qg5 31. Ne4 Qg6 32. Nd6 Qxd3 0-1

[Event "Sydney International Challengers"]
[Site "Parramatta, NSW"]
[Date "2009.04.19"]
[Round "9.7"]
[White "Eustace, Sophie"]
[Black "Hannagan, Peter"]
[Result "1-0"]
[WhiteElo "1419"]
[BlackElo "1452"]
[PlyCount "123"]
[EventDate "2009.04.15"]
[EventType "swiss"]
[EventRounds "9"]
[EventCountry "AUS"]
[SourceDate "2009.04.15"]

1. e4 e5 2. Nf3 Nc6 3. d4 exd4 4. Nxd4 Qf6 5. Be3 Bc5 6. c3 Nxd4 7. Bxd4 Bxd4
8. Qxd4 Qxd4 9. cxd4 d6 10. Nc3 c6 11. Bc4 Nf6 12. O-O b5 13. Bd3 O-O 14. Rac1
Bd7 15. Rfe1 b4 16. Ne2 Rfc8 17. Ba6 Rc7 18. Nf4 Rb8 19. e5 dxe5 20. dxe5 Rb6
21. Bc4 Ne8 22. e6 fxe6 23. Nxe6 Bxe6 24. Rxe6 Kf8 25. Rce1 Nf6 26. g4 Rb8 27.
g5 Nd5 28. R6e5 g6 29. Bxd5 cxd5 30. Rxd5 Re8 31. Rxe8+ Kxe8 32. Rb5 Rc4 33.
Rb8+ Kd7 34. Rb7+ Kd6 35. Rxa7 Rg4+ 36. Kf1 Rxg5 37. Rxh7 Rc5 38. Rh3 Rc1+ 39.
Kg2 Rc2 40. Rb3 Kc5 41. a3 bxa3 42. bxa3 Ra2 43. Rg3 Kd5 44. h4 Ke5 45. Rxg6
Rxa3 46. Rg5+ Kf4 47. Rg3 Ra6 48. Rh3 Rg6+ 49. Rg3 Rh6 50. Kh3 Rh5 51. Rg8 Rf5
52. Rg5 Rxg5 53. hxg5 Kxg5 54. Kg3 Kf5 55. Kf3 Kg5 56. Ke4 Kg4 57. f4 Kh5 58.
Ke5 Kg6 59. Ke6 Kg7 60. f5 Kf8 61. Kf6 Ke8 62. Kg7 1-0

[Event "Sydney International Challengers"]
[Site "Parramatta, NSW"]
[Date "2009.04.19"]
[Round "9.8"]
[White "Mithran, Mirakla"]
[Black "Glissan, Paul"]
[Result "1/2-1/2"]
[WhiteElo "1175"]
[BlackElo "1947"]
[PlyCount "79"]
[EventDate "2009.04.15"]
[EventType "swiss"]
[EventRounds "9"]
[EventCountry "AUS"]
[SourceDate "2009.04.15"]

1. e4 d6 2. d4 Nf6 3. Nc3 g6 4. Nf3 Bg7 5. Be2 O-O 6. O-O a6 7. Be3 b5 8. a3
Bb7 9. d5 Nbd7 10. h3 c5 11. Bd3 c4 12. Be2 Qc7 13. Nd4 Nc5 14. Bf3 Rfe8 15.
Qd2 Nfd7 16. Bh6 Bh8 17. h4 Ne5 18. h5 e6 19. hxg6 fxg6 20. dxe6 Nxf3+ 21. Nxf3
Bxc3 22. bxc3 Nxe4 23. Qe3 Rxe6 24. Rfe1 Rae8 25. Qd4 R8e7 26. Nd2 Qc5 27. Nxe4
Qxd4 28. cxd4 Rxe4 29. Rxe4 Rxe4 30. c3 Re2 31. Bf4 d5 32. Rc1 Kf7 33. Bd6 Bc8
34. Kf1 Ra2 35. Re1 Be6 36. Re3 h5 37. Rf3+ Bf5 38. Kg1 Ke6 39. Bb4 Ra1+ 40.
Kh2 1/2-1/2

[Event "Sydney International Challengers"]
[Site "Parramatta, NSW"]
[Date "2009.04.19"]
[Round "9.9"]
[White "Escalante, Lorenzo"]
[Black "Parker, Trent"]
[Result "0-1"]
[WhiteElo "1891"]
[BlackElo "1784"]
[PlyCount "112"]
[EventDate "2009.04.15"]
[EventType "swiss"]
[EventRounds "9"]
[EventCountry "AUS"]
[SourceDate "2009.04.15"]

1. e4 e6 2. d4 d5 3. Nc3 Nf6 4. Bg5 Be7 5. Bd3 a6 6. e5 Nfd7 7. Bxe7 Qxe7 8. f4
c5 9. Nf3 Nc6 10. f5 cxd4 11. fxe6 fxe6 12. Ne2 O-O 13. O-O Ndxe5 14. Nxe5 Nxe5
15. Nxd4 Nxd3 16. Qxd3 Bd7 17. Nf3 Bb5 18. Qd4 Bxf1 19. Rxf1 Rac8 20. c3 Qc5
21. Re1 Qxd4+ 22. Nxd4 Rf6 23. a4 Re8 24. Re5 Ref8 25. h3 Kf7 26. Nf3 Ke7 27.
Rg5 g6 28. Kf2 Rf5 29. Rg3 e5 30. Ke3 Kd6 31. h4 Rf4 32. h5 R8f6 33. h6 Rf7 34.
Ng5 Re7 35. a5 Kc5 36. Nf3 Rf5 37. Nd2 d4+ 38. Kd3 dxc3 39. Ne4+ Kb4 40. bxc3+
Kxa5 41. c4 Kb6 42. c5+ Kc6 43. Re3 Rd7+ 44. Kc3 Rd4 45. Nd6 Rxd6 46. cxd6 Kxd6
47. g4 Rf4 48. Rg3 Kc5 49. Kd3 e4+ 50. Ke2 Kd4 51. Rb3 Rf7 52. Rb4+ Ke5 53. Rb6
Kf4 54. Kf2 Kxg4+ 55. Ke3 Kh5 56. Kxe4 Kxh6 0-1